000 00320nam a2200133Ia 4500
005 20251222153631.0
008 251222s9999||||xx |||||||||||||| ||spa||
082 _a866.1/H52
100 _aHiggins Clark, Mary
245 0 _aNo Puedo Olvidar tu Rostro
250 _a1ra.ed.
264 _bCĂ­rculo Lectores
942 _cLIB
999 _c32367
_d32367